| 000 | 00368nam a2200157Ia 4500 | ||
|---|---|---|---|
| 003 | Ost | ||
| 005 | 20260225132540.0 | ||
| 008 | 260225s9999||||xx |||||||||||||| ||und|| | ||
| 040 | _cfsic | ||
| 041 | _afre | ||
| 082 | _a302.23 | ||
| 100 |
_aJean mouchon _eAuteur |
||
| 245 | 0 | _aLa politique sous l'influence des médias / | |
| 245 | 0 | _cJean mouchon | |
| 942 | _cكتاب | ||
| 999 |
_c33427 _d33427 |
||